[Event "IECC CL2-2018.01 email"]
[Site "IECC email"]
[Date "2018.04.25"]
[Round "?"]
[White "Lewis, Matt"]
[Black "Laudati, Lelio"]
[Result "0-1"]
[WhiteElo "2084"]
[BlackElo "1945"]
[PlyCount "132"]
[EventDate "2018.??.??"]
[EventType "tourn (corr)"]
[EventRounds "4"]
[SourceTitle "Corr 2020"]
[Source "ChessBase"]
[SourceDate "2019.09.30"]
[SourceVersion "1"]
[SourceVersionDate "2019.09.30"]
[SourceQuality "1"]
[WhiteTeam "United States"]
[BlackTeam "Italy"]
[WhiteTeamCountry "USA"]
[BlackTeamCountry "ITA"]

1. e4 e6 2. d4 d5 3. Nd2 dxe4 4. Nxe4 Nd7 5. Nf3 Ngf6 6. Nxf6+ Nxf6 7. c3 Bd6 8. Bd3 0-0 9. Bg5 h6 10. Bh4 b6 11. Qe2 Bb7 12. 0-0-0 Be7 13. Kb1 a5 14. Bc2 Nd5 15. Qd3 g6 16. Bxe7 Qxe7 17. Qd2 Kg7 18. Ne5 Rad8 19. f4 c5 20. Rhe1 h5 21. Qf2 cxd4 22. Rxd4 Nf6 23. Rxd8 Qxd8 24. h3 Be4 25. g4 Bxc2+ 26. Qxc2 Nd5 27. Qd2 Qh4 28. f5 Rd8 29. fxg6 Nf4 30. Qc1 Nxg6 31. Nxg6 Kxg6 32. Qe3 hxg4 33. Rg1 g3 34. Rxg3+ Kf6 35. b3 Rd1+ 36. Kb2 Rf1 37. Rf3+ Rxf3 38. Qxf3+ Kg6 39. Qd3+ f5 40. Qe3 Qf6 41. Qg3+ Qg5 42. Qe5 Qd2+ 43. Ka3 Qd5 44. Qg3+ Kh5 45. h4 Qd2 46. c4 Qd8 47. Qe5 Kxh4 48. Qxe6 f4 49. Qe1+ Kg4 50. Qe6+ Kg3 51. Qe1+ Kf3 52. Qf1+ Kg4 53. Qg2+ Kf5 54. Qc2+ Kg5 55. Qg2+ Kf6 56. Kb2 Qd4+ 57. Kc2 Ke5 58. Qh2 Qe4+ 59. Kd2 Qe3+ 60. Kc2 Ke4 61. Qg2+ Kf5 62. Qh2 Kg4 63. Qg2+ Qg3 64. Qe2+ Kh3 65. Qe6+ Kg2 66. Qxb6 f3 0-1

[Event "IECC CL2-2018.01 email"]
[Site "IECC email"]
[Date "2018.04.25"]
[Round "?"]
[White "Martins, Karin"]
[Black "Lewis, Matt"]
[Result "1/2-1/2"]
[WhiteElo "1996"]
[BlackElo "2067"]
[PlyCount "54"]
[EventDate "2018.??.??"]
[EventType "tourn (corr)"]
[EventRounds "4"]
[SourceTitle "Corr 2020"]
[Source "ChessBase"]
[SourceDate "2019.09.30"]
[SourceVersion "1"]
[SourceVersionDate "2019.09.30"]
[SourceQuality "1"]
[WhiteTeam "Germany"]
[BlackTeam "United States"]
[WhiteTeamCountry "GER"]
[BlackTeamCountry "USA"]

1. e4 e5 2. Nf3 Nc6 3. Bb5 Nf6 4. 0-0 Nxe4 5. d4 Nd6 6. dxe5 Nxb5 7. a4 Nbd4 8. Nxd4 Nxd4 9. Qxd4 d5 10. c4 Be6 11. cxd5 Qxd5 12. Qxd5 Bxd5 13. Nc3 Bb3 14. Nb5 Kd7 15. Be3 a6 16. Nd4 Bd5 17. Rfd1 c6 18. Ne2 Re8 19. f4 Kc7 20. Nc3 Bb3 21. Rd3 Bc4 22. Rd2 f6 23. a5 fxe5 24. Bb6+ Kc8 25. fxe5 Be6 26. Ne4 Be7 27. Rd4 Rhf8 1/2-1/2

[Event "P-5091"]
[Site "IECC email"]
[Date "2018.04.11"]
[Round "?"]
[White "Wittal, Werner"]
[Black "Lewis, Matt"]
[Result "1/2-1/2"]
[WhiteElo "2110"]
[BlackElo "2064"]
[PlyCount "74"]
[EventDate "2018.??.??"]
[EventType "tourn (corr)"]
[SourceTitle "Corr 2020"]
[Source "ChessBase"]
[SourceDate "2019.09.30"]
[SourceVersion "1"]
[SourceVersionDate "2019.09.30"]
[SourceQuality "1"]
[WhiteTeam "Germany"]
[BlackTeam "United States"]
[WhiteTeamCountry "GER"]
[BlackTeamCountry "USA"]

1. d4 Nf6 2. c4 e6 3. Nc3 Bb4 4. Qc2 d6 5. e3 0-0 6. Bd3 c5 7. Nge2 Nc6 8. a3 Ba5 9. 0-0 h6 10. b3 cxd4 11. Nxd4 Nxd4 12. exd4 Bb6 13. Be3 Ng4 14. Rad1 Nxe3 15. fxe3 Bd7 16. Qe2 f5 17. b4 a6 18. Bc2 Ba7 19. c5 d5 20. Ba4 Bxa4 21. Nxa4 Qe8 22. Nb2 Bb8 23. Nd3 Bc7 24. Qb2 Bd8 25. Ra1 Bg5 26. Rf3 Rf7 27. a4 Bf6 28. Rff1 Re7 29. Qb3 h5 30. Nf4 g5 31. Nd3 h4 32. Rf3 Rh7 33. Rb1 Qg6 34. Rbf1 Qf7 35. R3f2 Qe8 36. b5 axb5 37. axb5 Ra5 1/2-1/2

[Event "P-5061"]
[Site "IECC email"]
[Date "2017.09.21"]
[Round "?"]
[White "Mathes, Christian"]
[Black "Lewis, Matt"]
[Result "1/2-1/2"]
[WhiteElo "2136"]
[BlackElo "2064"]
[PlyCount "60"]
[EventDate "2017.??.??"]
[EventType "tourn (corr)"]
[SourceTitle "Corr 2020"]
[Source "ChessBase"]
[SourceDate "2019.09.30"]
[SourceVersion "1"]
[SourceVersionDate "2019.09.30"]
[SourceQuality "1"]
[WhiteTeam "Germany"]
[BlackTeam "United States"]
[WhiteTeamCountry "GER"]
[BlackTeamCountry "USA"]

1. e4 c5 2. Nf3 d6 3. d4 cxd4 4. Nxd4 Nf6 5. Nc3 a6 6. Bg5 e6 7. f4 Qb6 8. Qd2 Qxb2 9. Rb1 Qa3 10. e5 dxe5 11. fxe5 Nfd7 12. Ne4 Qxa2 13. Rd1 Qd5 14. Qe3 h6 15. Bh4 Qxe5 16. Be2 Bc5 17. Bg3 Bxd4 18. Rxd4 Qa5+ 19. Rd2 0-0 20. Bd6 Rd8 21. Qg3 Nc6 22. Bc7 Qa1+ 23. Rd1 Qb2 24. c3 Re8 25. Rf1 f5 26. Rf2 fxe4 27. Bh5 Qxf2+ 28. Kxf2 Rf8+ 29. Kg1 Nf6 30. Bg6 e5 1/2-1/2

[Event "P-4738"]
[Site "IECC email"]
[Date "2012.01.30"]
[Round "?"]
[White "Lewis, Matt"]
[Black "Boys, Ken"]
[Result "0-1"]
[WhiteElo "2137"]
[BlackElo "2100"]
[PlyCount "24"]
[EventDate "2012.??.??"]
[EventType "tourn (corr)"]
[SourceTitle "Corr 2020"]
[Source "ChessBase"]
[SourceDate "2019.09.30"]
[SourceVersion "1"]
[SourceVersionDate "2019.09.30"]
[SourceQuality "1"]
[WhiteTeam "United States"]
[BlackTeam "United States"]
[WhiteTeamCountry "USA"]
[BlackTeamCountry "USA"]

1. e4 c5 2. Nf3 b6 3. Nc3 Bb7 4. d4 cxd4 5. Nxd4 a6 6. g3 e6 7. Bg2 h5 8. Qd2 h4 9. Qe2 h3 10. Be3 hxg2 11. Rg1 b5 12. Rxg2 b4 0-1

[Event "IECG CP.2009.P.00002 email"]
[Site "IECG email"]
[Date "2009.10.01"]
[Round "?"]
[White "Lewis, Matt"]
[Black "Recio, Luis"]
[Result "1-0"]
[WhiteElo "1822"]
[BlackElo "1297"]
[PlyCount "31"]
[EventDate "2009.10.01"]
[EventType "tourn (corr)"]
[EventRounds "6"]
[EventCountry "ARG"]
[SourceTitle "Corr 2024"]
[Source "ChessBase"]
[SourceDate "2023.10.19"]
[SourceVersion "1"]
[SourceVersionDate "2023.10.19"]
[SourceQuality "1"]

1. e4 c5 2. Nf3 Nc6 3. d4 cxd4 4. Nxd4 d6 5. c4 Nf6 6. Nc3 e6 7. Be2 Be7 8. 0-0 0-0 9. Be3 a6 10. Rc1 Re8 11. Qd2 Qc7 12. Rfd1 e5 13. Nc2 Ng4 14. Nd5 Qd8 15. Bb6 Qd7 16. Nc7 1-0

[Event "IECC KO-4021"]
[Site "IECC email"]
[Date "2006.05.23"]
[Round "?"]
[White "Lewis, Matt"]
[Black "Tasic, Vladimir"]
[Result "0-1"]
[WhiteElo "2061"]
[BlackElo "2195"]
[PlyCount "80"]
[EventDate "2006.??.??"]
[EventType "match (corr)"]
[EventRounds "2"]
[SourceTitle "Corr 2020"]
[Source "ChessBase"]
[SourceDate "2019.09.30"]
[SourceVersion "1"]
[SourceVersionDate "2019.09.30"]
[SourceQuality "1"]
[WhiteTeam "United States"]
[BlackTeam "SCG"]
[WhiteTeamCountry "USA"]

1. d4 Nf6 2. c4 g6 3. Nc3 Bg7 4. e4 d6 5. Nf3 0-0 6. Be2 e5 7. 0-0 Nc6 8. d5 Ne7 9. Ne1 Nd7 10. f3 f5 11. Be3 f4 12. Bf2 g5 13. Nd3 Ng6 14. c5 Nf6 15. a4 h5 16. cxd6 cxd6 17. a5 g4 18. Nb5 g3 19. hxg3 fxg3 20. Bxg3 h4 21. Bf2 Nh5 22. Kh2 Ng3 23. Re1 Bh6 24. Qc2 Nf4 25. Be3 h3 26. Nxf4 exf4 27. Bf2 hxg2 28. Kxg2 Qg5 29. Rg1 Nxe2+ 30. Kh1 Ng3+ 31. Bxg3 fxg3 32. Rxg3 Qxg3 33. Rg1 Qxg1+ 34. Kxg1 Be3+ 35. Kg2 Rf7 36. Qb3 Rg7+ 37. Kf1 Bh3+ 38. Ke1 Rg1+ 39. Ke2 Bf4 40. Nc3 Kh8 0-1

[Event "IECC Swiss-501.2"]
[Site "IECC email"]
[Date "2006.03.08"]
[Round "?"]
[White "Lewis, Matt"]
[Black "Eshuis, Hans"]
[Result "1/2-1/2"]
[WhiteElo "2076"]
[BlackElo "1935"]
[PlyCount "65"]
[EventDate "2006.??.??"]
[EventType "swiss (corr)"]
[EventRounds "1"]
[SourceTitle "Corr 2020"]
[Source "ChessBase"]
[SourceDate "2019.09.30"]
[SourceVersion "1"]
[SourceVersionDate "2019.09.30"]
[SourceQuality "1"]
[WhiteTeam "United States"]
[BlackTeam "Netherlands"]
[WhiteTeamCountry "USA"]
[BlackTeamCountry "NED"]

1. e4 c5 2. Nf3 Nc6 3. d4 cxd4 4. Nxd4 Nf6 5. Nc3 e5 6. Ndb5 d6 7. Bg5 a6 8. Na3 b5 9. Bxf6 gxf6 10. Nd5 f5 11. Bd3 Be6 12. c3 Bg7 13. Qh5 0-0 14. 0-0 f4 15. Nc2 f5 16. a4 Bxd5 17. exd5 Ne7 18. axb5 e4 19. Bc4 axb5 20. Bxb5 Rb8 21. Bc6 Rxb2 22. Ra8 Nc8 23. Nd4 Bxd4 24. cxd4 Qf6 25. Bd7 Ne7 26. Be6+ Kh8 27. Rxf8+ Qxf8 28. Qg5 f3 29. Ra1 Rb8 30. gxf3 exf3 31. h3 Qg7 32. Qxg7+ Kxg7 33. Ra6 1/2-1/2

[Event "IECC Swiss-431.4"]
[Site "IECC email"]
[Date "2003.05.25"]
[Round "?"]
[White "Lewis, Matt"]
[Black "Fuhrmann, Andreas"]
[Result "1-0"]
[WhiteElo "1985"]
[BlackElo "1755"]
[PlyCount "77"]
[EventDate "2003.??.??"]
[EventType "swiss (corr)"]
[EventRounds "1"]
[SourceTitle "Corr 2020"]
[Source "ChessBase"]
[SourceDate "2019.09.30"]
[SourceVersion "1"]
[SourceVersionDate "2019.09.30"]
[SourceQuality "1"]
[WhiteTeam "United States"]
[BlackTeam "Germany"]
[WhiteTeamCountry "USA"]
[BlackTeamCountry "GER"]

1. Nf3 Nf6 2. g3 d5 3. Bg2 c6 4. 0-0 Bg4 5. d4 Nbd7 6. Nbd2 e6 7. h3 Bh5 8. c4 Bd6 9. Qb3 Qc7 10. Re1 0-0 11. e4 dxe4 12. Nxe4 Nxe4 13. Rxe4 Nf6 14. Re1 Rfe8 15. Bg5 Nd7 16. c5 Bf8 17. Bf4 Qc8 18. a4 Nf6 19. g4 Nd5 20. Bg3 Bg6 21. Ne5 f6 22. Nxg6 hxg6 23. Be4 f5 24. Bxd5 cxd5 25. Be5 Qd7 26. a5 Be7 27. gxf5 exf5 28. a6 bxa6 29. Rxa6 Bf6 30. Rd6 Qf7 31. Qxd5 Qxd5 32. Rxd5 Bxe5 33. Rexe5 Rxe5 34. Rxe5 Kf7 35. d5 a5 36. f4 a4 37. d6 Rd8 38. Re3 Kf6 39. c6 1-0